000 00749nam a2200253Ia 4500
003 OSt
005 20220918214411.0
006 a|||||r|||| 00| 0
007 ta
008 220917b |||||||| |||| 00| 0 eng d
024 _a137,275
037 _cTextual
040 _aARTS
_cARTS
_beng
041 _2eng
_aeng
082 _aXM,8(M73).211k, M2
100 _aArterburn Yvonne J
_9131183
245 0 _aLoom of interdependence
_b silk weaving co-operatives in Kaochipuram
260 _aDelhi
_bHindustan
_c1982
300 _axviii,205p.
_ccm.
490 _aStudies in sociology and social anthropology
650 _aECONOMICS
942 _hXM,8(M73).211k, M2
_cTEXL
_2CC
999 _c260359
_d260359